|
|
|
|
| LEADER |
01280nam a22003497a 4500 |
| 001 |
41631 |
| 003 |
BD-DhAAL |
| 005 |
20230813120755.0 |
| 008 |
230813t2016 ja a|||| b||| 00| 0 eng d |
| 020 |
|
|
|a 9784431550785
|
| 020 |
|
|
|a 9784431562504
|
| 040 |
|
|
|a BD-DhAAL
|d BD-DhAAL
|
| 082 |
|
|
|a 658.4056
|2 23
|
| 245 |
|
|
|a Sustainable development and disaster risk reduction /
|c Juha I. Uitto, Rajib Shaw, editors.
|
| 260 |
|
|
|a Tokyo ;
|b New York :
|b Springer,
|c 2016.
|
| 300 |
|
|
|a xi., 287 pages :
|b color illustrations,
|c 24 cm.
|
| 490 |
|
|
|a Disaster risk reduction.
|
| 504 |
|
|
|a Includes bibliographical references.
|
| 526 |
|
|
|a PPDM
|
| 541 |
|
|
|a Book Finder International
|e 41631
|
| 650 |
|
|
|a Emergency management.
|
| 650 |
|
|
|a Crisis management.
|
| 650 |
|
|
|a Risk management.
|
| 650 |
|
|
|a Disaster relief.
|
| 650 |
|
|
|a Sustainable development.
|
| 700 |
|
|
|a Uitto, Juha I.,
|e editor.
|9 55324
|
| 700 |
|
|
|a Shaw, Rajib,
|e editor.
|
| 830 |
|
|
|a Disaster risk reduction
|9 48592
|
| 852 |
|
|
|a Ayesha Abed Library
|c General Stacks
|
| 942 |
|
|
|2 ddc
|c BK
|
| 999 |
|
|
|c 44259
|d 44259
|
| 952 |
|
|
|0 0
|1 0
|2 ddc
|4 0
|6 658_405600000000000_SUS
|7 0
|9 74173
|a BRACUL
|b BRACUL
|c GEN
|d 2023-08-03
|e Book Finder International
|g 8142.49
|l 0
|o 658.4056 SUS
|p 3010041631
|r 2023-08-03
|t 1
|v 8142.49
|w 2023-08-03
|y BK
|